000 00952nam a2200241 a 4500
005 20170421020002.0
008 110329s2006 ck a gr 000 0 spa d
020 _a9588077745
040 _aCO-BoBLA
_cCO-BoBLA
041 0 _aspa
044 _ack
090 _aEA-
_b408
100 1 _aSarmiento Sarmiento, Yolanda E.
_eautora
245 1 0 _aEducación ambiental y bioética :
_bel agua como fuente de vida /
_cYolanda E. Sarmiento Sarmiento y Diana Carolina Paéz Moreno.
260 _aBogotá :
_bUniversidad El Bosque. Departamento de Bioética,
_c2006.
300 _a62 páginas :
_bilustraciones ;
_c19 x 25 cm.
490 0 _aColección bios y ethos ;
_v24
650 2 6 _aAgua
_zColombia
_vLiteratura juvenil
650 2 6 _aEducación ambiental
_zColombia
_vLiteratura juvenil
650 2 6 _aBioética
_zColombia
_vLiteratura juvenil
700 1 _aPaéz-Moreno, Diana Carolina
_eautora
942 _2z
_cLIBRO
_01
999 _c19009
_d19009